[Event "Aeroflot Open B 2017"]
[Site "Moscow RUS"]
[Date "2017.02.27"]
[Round "7.34"]
[White "Esenov, Annaberdi"]
[Black "Sadovsky, Artem"]
[Result "1-0"]
[WhiteTitle "FM"]
[WhiteElo "2302"]
[BlackElo "2416"]
[WhiteFideId "14000644"]
[BlackFideId "4155840"]
[EventDate "2017.02.21"]

1. e4 g6 2. d4 Bg7 3. Nc3 d6 4. f4 a6 5. Nf3 b5 6. Bd3 Bg4 7. Be3 b4 8. Ne2 Bxf3
9. gxf3 e6 10. Qd2 Nc6 11. O-O-O Nf6 12. f5 Qe7 13. h4 exf5 14. exf5 Kd7 15.
fxg6 hxg6 16. Bg5 Qe6 17. Kb1 Qd5 18. Bxf6 Bxf6 19. Qf4 Be7 20. Be4 Qc4 21.
Bxc6+ Qxc6 22. d5 Qb5 23. c4 bxc3 24. Nxc3 Qa5 25. Qxf7 Rhf8 26. Qe6+ Kd8 27.
Rhe1 Bxh4 28. Re4 Rb8 29. Rd3 Qb6 30. Nd1 Bg5 31. Rb3 Qa7 32. Qxg6 Bf6 33. Rbe3
c5 34. Re8+ Kc7 35. Qh7+ Kb6 36. Rb3+ 1-0

[Event "Aeroflot Open B 2017"]
[Site "Moscow RUS"]
[Date "2017.02.27"]
[Round "7.35"]
[White "Korchmar, Vasiliy"]
[Black "Kakabaev, Mergen"]
[Result "1-0"]
[WhiteTitle "IM"]
[BlackTitle "FM"]
[WhiteElo "2409"]
[BlackElo "2329"]
[WhiteFideId "24131750"]
[BlackFideId "14002990"]
[EventDate "2017.02.21"]

1. d4 d5 2. Nf3 Nf6 3. Bf4 e6 4. e3 Bd6 5. Nbd2 Bxf4 6. exf4 c5 7. dxc5 Qc7 8.
g3 Qxc5 9. Bd3 O-O 10. O-O Nc6 11. c3 Bd7 12. Nb3 Qb6 13. Qe2 a5 14. Nbd4 Nxd4
15. Nxd4 a4 16. a3 Rfe8 17. Rab1 Bc6 18. Rfe1 Nd7 19. Qc2 g6 20. Re3 e5 21. fxe5
Rxe5 22. Rxe5 Nxe5 23. Bf1 Nc4 24. h4 Re8 25. Bg2 Re5 26. Bf3 Bd7 27. Kg2 Bf5
28. Nxf5 Rxf5 29. Rd1 Qc5 30. Re1 d4 31. Re8+ Kg7 32. Rd8 Nd6 33. Qxa4 dxc3 34.
bxc3 Qxc3 35. Qd1 Nc4 36. Bxb7 Ne3+ 37. fxe3 Qb2+ 38. Kh3 Qxb7 39. Qd4+ Kh6 40.
e4 Rf3 41. Qd2+ Kg7 42. Qd6 Kh6 43. Qf8+ Kh5 44. Qg7 1-0

[Event "Aeroflot Open B 2017"]
[Site "Moscow RUS"]
[Date "2017.02.27"]
[Round "7.36"]
[White "Pustovoitova, Daria"]
[Black "Mirzoyan, David"]
[Result "1/2-1/2"]
[WhiteTitle "FM"]
[BlackTitle "FM"]
[WhiteElo "2407"]
[BlackElo "2308"]
[WhiteFideId "4182146"]
[BlackFideId "13308386"]
[EventDate "2017.02.21"]

1. Nf3 Nf6 2. c4 c5 3. g3 b6 4. Bg2 Bb7 5. O-O e6 6. Nc3 Be7 7. Re1 Ne4 8. Nxe4
Bxe4 9. d3 Bb7 10. e4 Nc6 11. d4 Nxd4 12. Nxd4 cxd4 13. Qxd4 O-O 14. Rd1 d6 15.
Be3 Qc7 16. Rac1 Rfd8 17. b3 Rac8 18. a4 Bf6 19. Qd2 Bc6 20. Bg5 Bxg5 21. Qxg5
Qb7 22. Qf4 e5 23. Qe3 f5 24. Rd2 fxe4 25. Rcd1 d5 26. cxd5 Rxd5 27. Rxd5 Bxd5
28. Bh3 Rf8 29. b4 h6 30. b5 Qf7 31. Rd2 Kh8 32. Bg2 Qb7 33. Qc3 Re8 34. h4 Qf7
35. Qe3 Qb7 36. Qa3 Qf7 37. Qd6 Bb7 38. Qd7 Re7 39. Qd8+ Kh7 40. Re2 Rd7 41. Qb8
Qc4 42. Re1 Qb4 43. Re3 Qxa4 44. Qxe5 Qd1+ 45. Kh2 Qd4 46. Qe8 Rd8 47. Qe7 Rd7
48. Qf8 Qf6 49. Qxf6 gxf6 50. Bxe4+ Bxe4 51. Rxe4 h5 52. Re8 Rd5 53. Re7+ Kg6
54. Rxa7 Rxb5 55. f3 Rb2+ 56. Kh3 b5 57. g4 Rb3 58. Kg3 hxg4 59. Kxg4 Rb4+ 60.
Kg3 Rb3 1/2-1/2

[Event "Aeroflot Open B 2017"]
[Site "Moscow RUS"]
[Date "2017.02.27"]
[Round "7.37"]
[White "Arabidze, Meri"]
[Black "Yeritsyan, Aram"]
[Result "1/2-1/2"]
[WhiteTitle "IM"]
[WhiteElo "2383"]
[BlackElo "2182"]
[WhiteFideId "13604040"]
[BlackFideId "34161047"]
[EventDate "2017.02.21"]

1. Nf3 Nf6 2. c4 e6 3. b3 b6 4. Bb2 Bb7 5. e3 Be7 6. Be2 O-O 7. Qc2 d5 8. cxd5
Nxd5 9. a3 c5 10. h4 Bf6 11. Ng5 g6 12. Ne4 Bxb2 13. Qxb2 f5 14. Ng5 Qf6 15.
Qxf6 Rxf6 16. f4 Nd7 17. h5 Bc6 18. hxg6 hxg6 19. Nc3 Nxc3 20. dxc3 Nf8 21.
O-O-O Bxg2 22. Rh2 Bd5 23. Kb2 Re8 24. Ba6 Re7 25. c4 Be4 26. Rd8 e5 27. Bb5 Kg7
28. a4 exf4 29. exf4 Bb7 30. Ka3 a6 31. Be8 a5 32. Bb5 Be4 33. Kb2 Bb7 34. Rd3
Be4 35. Rd8 Rc7 36. Rhd2 Bc6 37. Re2 Be4 38. Rh2 Bc6 39. Re2 Be4 40. Rh2 Re7 41.
Ba6 Bc6 42. Bb5 Be4 1/2-1/2

[Event "Aeroflot Open B 2017"]
[Site "Moscow RUS"]
[Date "2017.02.27"]
[Round "7.38"]
[White "Peng, Shunkai"]
[Black "Ivanov, Oleg V UKR"]
[Result "1/2-1/2"]
[WhiteTitle "CM"]
[BlackTitle "IM"]
[WhiteElo "2137"]
[BlackElo "2482"]
[WhiteFideId "8614601"]
[BlackFideId "14110709"]
[EventDate "2017.02.21"]

1. e4 c5 2. Nf3 e6 3. d4 cxd4 4. Nxd4 a6 5. Bd3 Bc5 6. Nb3 Be7 7. O-O d6 8. Qe2
Nf6 9. c4 Nc6 10. Nc3 Ne5 11. Kh1 O-O 12. Bd2 b6 13. Rae1 Nxd3 14. Qxd3 Bb7 15.
f4 Rc8 16. Nd4 Nd7 17. b3 Bf6 18. Bc1 b5 19. cxb5 axb5 20. b4 Qb6 21. Be3 Rxc3
22. Qxc3 Bxe4 23. Qd2 Qb7 24. Nf3 Bd5 25. Bd4 Be7 26. Rc1 Nf6 27. Bb2 Ra8 28. a3
Ne4 29. Qe3 f5 30. Kg1 h6 31. Rc2 Kh7 32. Nd4 Rg8 33. Rfc1 Bd8 34. Qh3 Bb6 35.
Kh1 Qf7 36. Nf3 Rc8 37. Ng5+ Nxg5 38. fxg5 Rxc2 39. Rxc2 h5 40. Qg3 f4 41. Qd3+
Qg6 42. Qxg6+ Kxg6 43. h4 Be4 44. Rc8 Bf2 45. Rg8 e5 46. Rd8 Bxh4 47. Rxd6+ Kf5
48. g6 Bg3 49. Rd7 h4 50. Kg1 h3 51. gxh3 f3 52. Bc1 f2+ 53. Kf1 Ke6 54. Rf7
Bd3+ 55. Kg2 f1=Q+ 56. Rxf1 Bxf1+ 57. Kxg3 Bd3 58. Bb2 Bxg6 59. Kf3 Bf5 60. h4
g6 1/2-1/2

[Event "Aeroflot Open B 2017"]
[Site "Moscow RUS"]
[Date "2017.02.27"]
[Round "7.39"]
[White "Badmatsyrenov, Oleg"]
[Black "Zhu, Yi"]
[Result "1-0"]
[WhiteTitle "IM"]
[BlackTitle "FM"]
[WhiteElo "2456"]
[BlackElo "2317"]
[WhiteFideId "24115762"]
[BlackFideId "8607435"]
[EventDate "2017.02.21"]

1. e4 c5 2. b3 Nc6 3. Bb2 e5 4. Nc3 Nf6 5. f4 exf4 6. Nf3 Be7 7. Qe2 O-O 8.
O-O-O Re8 9. g3 fxg3 10. hxg3 Bf8 11. Qh2 h6 12. g4 Nxg4 13. Qg3 d6 14. Nd5 Ne7
15. Nf4 d5 16. Bh3 dxe4 17. Bxg4 exf3 18. Rxh6 Ng6 19. Rxg6 fxg6 20. Bxf3 Be6
21. Nxg6 Bd6 22. Qg2 Qd7 23. Bxb7 Bh3 24. Qd5+ Re6 25. Bxa8 Qf7 26. Ne5 1-0

[Event "Aeroflot Open B 2017"]
[Site "Moscow RUS"]
[Date "2017.02.27"]
[Round "7.40"]
[White "Stathopoulos, Ioannis"]
[Black "Khomeriki, Nino"]
[Result "0-1"]
[WhiteTitle "FM"]
[BlackTitle "WIM"]
[WhiteElo "2387"]
[BlackElo "2317"]
[WhiteFideId "4223098"]
[BlackFideId "13603191"]
[EventDate "2017.02.21"]

1. d4 Nf6 2. c4 e6 3. Nf3 d5 4. Nc3 Bb4 5. e3 O-O 6. Bd2 b6 7. cxd5 exd5 8. Bd3
Nbd7 9. Qb3 c5 10. Nxd5 Bxd2+ 11. Kxd2 cxd4 12. exd4 Bb7 13. Ne3 Qc7 14. Rad1
Rac8 15. Bc2 Ne4+ 16. Ke2 Rfe8 17. Rhe1 Nef6 18. Kd2 Bxf3 19. gxf3 Qxh2 20. Rf1
Qf4 21. Kc1 Qxf3 22. Kb1 Ne4 23. Nc4 Qxb3 24. Bxb3 b5 25. Ne3 g6 26. Nd5 Kg7 27.
f3 Nd6 28. Nc3 Nf6 29. Rd3 h5 30. a4 b4 31. Nb5 Nxb5 32. axb5 Rcd8 33. d5 Rd6
34. Rd4 Re3 35. Kc2 Re2+ 36. Kb1 Re3 37. Bc4 g5 38. Kc2 Nd7 39. Ra1 Rxf3 40.
Rxa7 g4 41. Ra6 Rff6 42. Kb3 Nc5+ 43. Kxb4 Nxa6+ 44. bxa6 g3 45. a7 Rd8 46. d6
g2 47. Rd1 h4 48. Rg1 h3 49. Bd5 Rf1 0-1

[Event "Aeroflot Open B 2017"]
[Site "Moscow RUS"]
[Date "2017.02.27"]
[Round "7.41"]
[White "Gorbatov, Alexej"]
[Black "Koepke, Christian"]
[Result "1-0"]
[WhiteTitle "IM"]
[BlackTitle "IM"]
[WhiteElo "2374"]
[BlackElo "2317"]
[WhiteFideId "4111834"]
[BlackFideId "4655737"]
[EventDate "2017.02.21"]

1. d4 Nf6 2. c4 g6 3. Nc3 Bg7 4. g3 O-O 5. Bg2 d6 6. e4 c5 7. d5 a6 8. a4 e6 9.
Nge2 exd5 10. cxd5 Nbd7 11. O-O Rb8 12. Rb1 c4 13. b3 cxb3 14. Qxb3 Re8 15. Qb4
Nc5 16. Be3 Qe7 17. Bxc5 dxc5 18. Qb6 Nd7 19. Qa7 f5 20. Rfd1 Bxc3 21. Nxc3 Qf6
22. Rbc1 b5 23. axb5 axb5 24. exf5 gxf5 25. d6 b4 26. Nd5 Qxd6 27. Nc7 Qe5 28.
Nxe8 Qxe8 29. Bc6 1-0

[Event "Aeroflot Open B 2017"]
[Site "Moscow RUS"]
[Date "2017.02.27"]
[Round "7.42"]
[White "Sindarov, Javokhir"]
[Black "Davtyan, Artur"]
[Result "1-0"]
[WhiteTitle "CM"]
[BlackTitle "FM"]
[WhiteElo "2374"]
[BlackElo "2275"]
[WhiteFideId "14205483"]
[BlackFideId "13308327"]
[EventDate "2017.02.21"]

1. e4 e6 2. d4 d5 3. exd5 exd5 4. Nf3 Nc6 5. Bb5 Bd6 6. Bxc6+ bxc6 7. O-O Ne7 8.
b3 O-O 9. Ba3 Bxa3 10. Nxa3 Qd6 11. Qc1 Ng6 12. Re1 f6 13. Nb1 Bg4 14. Nbd2 Nf4
15. Re3 Rfe8 16. Qf1 Re6 17. Rae1 Rae8 18. Qa6 Qd7 19. Qxa7 Bxf3 20. Nxf3 Re4
21. h3 Qf7 22. Kf1 Qg6 23. Nh4 Qg5 24. Rxe4 dxe4 25. g3 Nxh3 26. Qc5 Qd5 27. Nf5
Qd7 28. f4 exf3 29. Ne7+ Kh8 30. Qxc6 Qxc6 31. Nxc6 Rxe1+ 32. Kxe1 Ng5 33. a4
Ne4 34. a5 Nc3 35. a6 Nd5 36. c4 Nb6 37. c5 Na8 38. d5 Kg8 39. d6 cxd6 40. cxd6
Nb6 41. a7 Kf7 42. d7 1-0

[Event "Aeroflot Open B 2017"]
[Site "Moscow RUS"]
[Date "2017.02.27"]
[Round "7.43"]
[White "Demianjuk, Alexander"]
[Black "Gurvich, Vitaly"]
[Result "1/2-1/2"]
[BlackTitle "FM"]
[WhiteElo "2297"]
[BlackElo "2342"]
[WhiteFideId "4134249"]
[BlackFideId "24164852"]
[EventDate "2017.02.21"]

1. e4 c5 2. Nf3 d6 3. Bb5+ Nc6 4. O-O Bd7 5. Re1 a6 6. Bf1 Bg4 7. h3 Bxf3 8.
Qxf3 g6 9. c3 Bh6 10. Na3 Nf6 11. Nc4 Nd7 12. d4 Bxc1 13. Raxc1 cxd4 14. cxd4
O-O 15. d5 Nce5 16. Qe3 Nxc4 17. Rxc4 Rc8 18. Rec1 Rxc4 19. Rxc4 a5 20. a3 f5
21. exf5 Rxf5 22. Be2 Kg7 23. Bg4 Rxd5 24. Be6 Re5 25. Qd4 Kh6 26. Qd2+ Kg7 27.
Qd4 Kh6 28. Qc3 Nf6 29. Bc8 Qb6 30. Qd2+ Kg7 31. Kh2 h5 32. f4 Rc5 33. Qe3 Qc7
34. Rxc5 dxc5 35. Be6 Qd6 36. Bc4 b6 37. g3 Qd7 38. f5 b5 39. Be6 Qd4 40. Qg5
Qf2+ 41. Kh1 Qe1+ 42. Kh2 Qe2+ 43. Kh1 Qd1+ 44. Kh2 Qc2+ 45. Kg1 Qb1+ 46. Kg2
Qxb2+ 47. Kh1 Qb1+ 48. Kh2 Qc2+ 49. Kg1 Qd1+ 50. Kg2 Qd8 51. Qxg6+ Kh8 52. Qh6+
Nh7 53. Bf7 Qf8 54. Qxh5 Qg7 55. h4 Qb2+ 56. Kh3 Qf2 57. Bd5 Qf1+ 58. Bg2 Qe1
59. Qe8+ Kg7 60. Qxb5 Qe5 61. Qxa5 Qxf5+ 62. Kh2 Nf6 63. Qc3 Kh7 64. Qf3 Qe5 65.
Qd3+ Kg7 66. Bf3 c4 67. Qxc4 Qb2+ 68. Kh3 Qxa3 69. Qf4 Qd3 70. Qg5+ Kh7 71. Kg2
Qc2+ 72. Kf1 Qd3+ 73. Be2 Qb1+ 74. Kg2 Qe4+ 75. Bf3 Qc2+ 76. Kh3 Qd3 77. Bg2
Qd7+ 78. g4 Qxg4+ 1/2-1/2

[Event "Aeroflot Open B 2017"]
[Site "Moscow RUS"]
[Date "2017.02.27"]
[Round "7.44"]
[White "Pujari, Rucha"]
[Black "Navalgund, Niranjan"]
[Result "1/2-1/2"]
[WhiteTitle "WFM"]
[WhiteElo "2127"]
[BlackElo "2327"]
[WhiteFideId "5024528"]
[BlackFideId "5030854"]
[EventDate "2017.02.21"]

1. d4 f5 2. c4 Nf6 3. g3 e6 4. Bg2 d5 5. Nf3 Bd6 6. Bf4 O-O 7. O-O Bxf4 8. gxf4
b6 9. Ne5 Bb7 10. Nd2 Nbd7 11. Rc1 Nxe5 12. dxe5 Ne4 13. cxd5 Nxd2 14. Qxd2 exd5
15. Rfd1 c6 16. b4 b5 17. a4 1/2-1/2

[Event "Aeroflot Open B 2017"]
[Site "Moscow RUS"]
[Date "2017.02.27"]
[Round "7.45"]
[White "Nogueira, Ivan Kuhlmann"]
[Black "Papin, Vasily"]
[Result "0-1"]
[WhiteTitle "FM"]
[BlackTitle "GM"]
[WhiteElo "2308"]
[BlackElo "2456"]
[WhiteFideId "2101297"]
[BlackFideId "4143183"]
[EventDate "2017.02.21"]

1. e4 c5 2. Nf3 e6 3. g3 Nc6 4. Bg2 Nf6 5. d3 d5 6. e5 Nd7 7. Bf4 Be7 8. h4 Nf8
9. h5 g5 10. hxg6 Nxg6 11. Bh6 Qb6 12. b3 Rg8 13. Qe2 Qc7 14. Rh5 Bd7 15. Kf1
O-O-O 16. Bc1 f6 17. Rxh7 fxe5 18. c3 Bf6 19. Bb2 Rdf8 20. Na3 a6 21. Nc2 Nce7
22. Ne3 Nf5 23. Ng4 e4 24. Rxd7 Nxg3+ 25. fxg3 Qxg3 0-1

[Event "Aeroflot Open B 2017"]
[Site "Moscow RUS"]
[Date "2017.02.27"]
[Round "7.46"]
[White "Faizrakhmanov, Ramil"]
[Black "Bogaudinov, Rushan"]
[Result "1/2-1/2"]
[WhiteTitle "FM"]
[WhiteElo "2432"]
[BlackElo "2241"]
[WhiteFideId "24103209"]
[BlackFideId "4129288"]
[EventDate "2017.02.21"]

1. d4 Nf6 2. c4 g6 3. Nc3 Bg7 4. e4 d6 5. Be2 O-O 6. Bg5 Nbd7 7. Qd2 e5 8. Nf3
exd4 9. Nxd4 Nc5 10. f3 Ne6 11. Nxe6 Bxe6 12. O-O-O a6 13. e5 dxe5 14. Qxd8
Rfxd8 15. Rxd8+ Rxd8 16. Ne4 Nxe4 17. Bxd8 Nd6 18. Bxc7 Nxc4 19. Bxc4 Bxc4 20.
Rd1 h5 21. Kc2 Bb5 22. Kb3 h4 23. Re1 f6 24. Kb4 Bh6 25. Kc5 h3 26. gxh3 Bc6 27.
Ba5 Kf7 28. Rd1 Bxf3 29. Rd7+ Ke6 30. Rd6+ Kf5 31. Kc4 Bf8 32. Rd8 Be7 33. Re8
Bd6 34. Bb4 Bc6 35. Rc8 Bxb4 36. Kxb4 Ke4 37. h4 Ke3 38. Rf8 f5 39. h5 gxh5 40.
Rxf5 e4 41. Kc3 h4 42. b4 h3 43. a3 Ke2 44. Kd4 e3 45. Re5 Kf2 46. Rxe3 Kg2 47.
Re2+ Kg1 48. Ke3 Bg2 49. a4 Kxh2 50. Kf2 Bc6 51. Rd2 Be4 52. Rd7 Bc6 53. Re7 Bg2
54. Rd7 Bc6 55. Rc7 Be4 56. a5 Bd5 57. Rc2 Be4 58. Re2 Bg2 59. Rc2 Be4 1/2-1/2

[Event "Aeroflot Open B 2017"]
[Site "Moscow RUS"]
[Date "2017.02.27"]
[Round "7.47"]
[White "Savitskiy, Sergey"]
[Black "Gharibyan, Mamikon"]
[Result "1-0"]
[WhiteTitle "FM"]
[BlackTitle "CM"]
[WhiteElo "2415"]
[BlackElo "2280"]
[WhiteFideId "24105660"]
[BlackFideId "13308300"]
[EventDate "2017.02.21"]

1. Nf3 Nf6 2. g3 d5 3. Bg2 c6 4. O-O Bf5 5. d3 e6 6. Nfd2 Nbd7 7. e4 dxe4 8.
dxe4 Bg6 9. Nc3 Be7 10. f4 Qc7 11. h3 h5 12. Qe2 Nc5 13. Nc4 b5 14. f5 Bxf5 15.
exf5 bxc4 16. Qxc4 O-O 17. Be3 Ncd7 18. Qxc6 Qxg3 19. Bf4 Qh4 20. fxe6 Rac8 21.
exf7+ Kh8 22. Qe6 Bc5+ 23. Kh1 Nb6 24. Ne4 Nxe4 25. Bxe4 Qf6 26. Qxf6 gxf6 27.
Bg6 Nd5 28. Bh6 Rfd8 29. Rf5 Ne7 30. Rxh5 Rd5 31. f8=Q+ Rxf8 32. Bxf8+ 1-0

[Event "Aeroflot Open B 2017"]
[Site "Moscow RUS"]
[Date "2017.02.27"]
[Round "7.48"]
[White "Danielyan, Vahe"]
[Black "Mammadova, Gulnar"]
[Result "1/2-1/2"]
[WhiteTitle "FM"]
[BlackTitle "IM"]
[WhiteElo "2282"]
[BlackElo "2401"]
[WhiteFideId "13304828"]
[BlackFideId "13403508"]
[EventDate "2017.02.21"]

1. e4 g6 2. d4 Bg7 3. Nc3 c6 4. Be2 d6 5. h4 h5 6. Be3 Nf6 7. f3 Nbd7 8. Qd2 Qc7
9. Nh3 b5 10. O-O-O b4 11. Nb1 a5 12. Ng5 Nb6 13. Bf4 Nfd7 14. g4 c5 15. gxh5
Rxh5 16. Be3 Ba6 17. Bxa6 Rxa6 18. Qd3 Ra8 19. e5 c4 20. Ne6 cxd3 21. Nxc7+ Kd8
22. Nxa8 dxc2 23. Kxc2 Nxa8 24. exd6 exd6 25. Nd2 Ndb6 26. Ne4 Kd7 27. Ng3 Rh8
28. h5 Nd5 29. Bc1 gxh5 30. Nxh5 Rc8+ 31. Kb1 Bf8 32. Bg5 Nac7 33. Nf6+ Nxf6 34.
Bxf6 Nd5 35. Bg5 Bg7 36. Rh7 Rg8 37. Bh4 Nf4 38. Bg3 Ne6 39. Bf2 Rh8 40. Rdh1
Rxh7 41. Rxh7 Kc6 42. Rh4 Bf6 43. Rh7 Bg7 44. Kc1 f5 45. Kd2 a4 46. Kd3 Kd5 47.
Rh4 Bf6 48. Rh6 Bg7 49. Rxe6 Kxe6 50. Kc4 Bh6 51. d5+ Ke5 52. Bg3+ Bf4 53. Bf2
Bd2 54. Bg3+ Bf4 55. Be1 Bc1 56. b3 axb3 57. axb3 Kf4 58. Bxb4 Kxf3 59. Bxd6 Ke4
60. b4 f4 61. Bc5 f3 62. d6 Ke5 63. d7 Bg5 64. Kb5 Kd5 65. Kb6 Bd8+ 66. Kb7 Kc4
67. Kc6 f2 68. Bxf2 Kxb4 69. Bb6 Bg5 70. Bc7 Kc4 71. Ba5 Be7 72. Bc7 Bg5 73. Bb6
Bh4 74. Kd6 Kb5 75. Kc7 Bg5 76. Bd4 Bf4+ 77. Kb7 Bg5 78. Be5 Kc5 79. Kc7 Kd5 80.
Bd6 Bf6 81. Bh2 Bg5 82. Kc8 Kc6 83. Bc7 Bh4 84. Bd8 1/2-1/2

[Event "Aeroflot Open B 2017"]
[Site "Moscow RUS"]
[Date "2017.02.27"]
[Round "7.49"]
[White "Narva, Mai"]
[Black "Shuvalova, Polina"]
[Result "1/2-1/2"]
[WhiteTitle "WIM"]
[BlackTitle "WIM"]
[WhiteElo "2241"]
[BlackElo "2387"]
[WhiteFideId "4500512"]
[BlackFideId "24171760"]
[EventDate "2017.02.21"]

1. e4 e5 2. Nf3 Nc6 3. Bb5 a6 4. Ba4 d6 5. c3 f5 6. exf5 Bxf5 7. O-O Bd3 8. Re1
Be7 9. Bc2 Bxc2 10. Qxc2 Nf6 11. d4 e4 12. Ng5 d5 13. f3 h6 14. Nh3 O-O 15. Nd2
exf3 16. Nxf3 Bd6 17. Nf2 Qd7 18. Bd2 Ng4 19. Nxg4 Qxg4 20. Qd3 Rf6 21. Ne5 Qh5
22. Qe2 Qxe2 23. Rxe2 Re8 24. Rae1 Nxe5 25. dxe5 Bc5+ 26. Be3 Bxe3+ 27. Rxe3 Rf5
28. e6 Re7 29. h3 c6 30. g4 Rf6 31. Kg2 Kf8 32. h4 Rc7 33. Kg3 Ke7 34. g5 hxg5
35. hxg5 Rf8 36. Kg4 g6 37. b3 b6 38. R1e2 a5 39. a4 Ke8 40. Rh3 Rg7 41. c4 d4
42. c5 bxc5 43. Re5 Ke7 44. Rxc5 Kd6 45. Rxa5 c5 46. Rh1 Rb7 47. Ra6+ Kd5 48.
Re1 Re8 49. Kf4 Rf8+ 50. Kg4 Rxb3 51. e7 Re8 52. Kf4 Rb7 53. Re5+ Kc4 54. Rc6
Rbxe7 55. Rexc5+ Kd3 56. Rxg6 Ra7 1/2-1/2

[Event "Aeroflot Open B 2017"]
[Site "Moscow RUS"]
[Date "2017.02.27"]
[Round "7.50"]
[White "Sigfusson, Sigurdur"]
[Black "Smirnov, Timofey"]
[Result "1/2-1/2"]
[WhiteTitle "FM"]
[WhiteElo "2226"]
[BlackElo "2323"]
[WhiteFideId "2300168"]
[BlackFideId "24176427"]
[EventDate "2017.02.21"]

1. e4 c5 2. Nf3 d6 3. d4 cxd4 4. Nxd4 Nf6 5. Nc3 a6 6. Bg5 Nbd7 7. Qe2 h6 8. Bh4
g6 9. O-O-O e5 10. Nb3 Be7 11. f3 b5 12. a3 Bb7 13. Bf2 Rc8 14. Qd2 Kf8 15. Be3
Kg7 16. g4 Nc5 17. Kb1 Ne6 18. h4 Nd7 19. Nd5 Bxd5 20. exd5 Nec5 21. Na5 Nb6 22.
Nc6 Qc7 23. g5 hxg5 24. Nxe7 Qxe7 25. Bxg5 f6 26. Be3 Nc4 27. Bxc4 bxc4 28. Rdg1
Kf7 29. Qg2 Rhg8 30. Bxc5 Rxc5 31. h5 g5 32. Qg4 Kg7 33. Qe4 Qf7 34. h6+ Kh8 35.
h7 Rg7 36. Qf5 Qg6 37. Qe6 f5 38. Rh6 Qxe6 39. Rxe6 Kxh7 40. Rxd6 g4 41. Rh1+
Kg8 42. Rd8+ Kf7 43. fxg4 Rxg4 44. Rh6 Rg1+ 45. Ka2 f4 46. Rd7+ Kg8 47. Re6 Rg7
48. Rd8+ Kh7 49. Rxe5 Rf7 50. Rh5+ Kg6 51. Rdh8 Rcc7 52. R8h6+ Kg7 53. d6 Rcd7
54. Rh7+ Kf6 55. R7h6+ Kg7 56. Rh7+ Kf6 1/2-1/2

[Event "Aeroflot Open B 2017"]
[Site "Moscow RUS"]
[Date "2017.02.27"]
[Round "7.51"]
[White "Martynyuk, Elizaveta"]
[Black "Zakaryan, David"]
[Result "1/2-1/2"]
[WhiteTitle "WFM"]
[BlackTitle "FM"]
[WhiteElo "2169"]
[BlackElo "2320"]
[WhiteFideId "24128511"]
[BlackFideId "24101923"]
[EventDate "2017.02.21"]

1. e4 c5 2. Nf3 d6 3. d4 cxd4 4. Nxd4 Nf6 5. Nc3 a6 6. Be3 Ng4 7. Bc1 Nc6 8. f3
Qb6 9. Nce2 Nf6 10. Nxc6 bxc6 11. Qd4 c5 12. Qc3 g6 13. Qb3 Qc7 14. Nc3 Bg7 15.
Bc4 O-O 16. O-O Rb8 17. Qa3 Rb4 18. b3 Be6 19. Bxe6 fxe6 20. Bd2 Nh5 21. Rad1 d5
22. Qxa6 Rb6 23. Qd3 Be5 24. f4 Bxf4 25. Bxf4 Nxf4 26. Qd2 Qe5 27. Ne2 Nxe2+ 28.
Qxe2 Rf6 29. Rfe1 d4 30. a4 Rf8 31. Rf1 Rbb8 32. Rxf8+ Kxf8 33. Rf1+ Ke8 34. g3
h5 35. a5 Kd7 36. a6 Qc7 37. Ra1 Ra8 38. Qc4 Qc6 39. Qd3 Kc7 40. e5 g5 41. Qh7
Qd7 42. Qxh5 Kb6 43. Qxg5 d3 44. c3 Rxa6 45. Rxa6+ Kxa6 46. Qd2 Kb5 47. c4+ Kb6
48. Kf2 Qd4+ 49. Kf3 Kc6 50. h4 Kc7 51. Qe3 Qc3 52. Ke4 Qc2 53. Qxd3 Qf2 54. Qc3
Kd7 55. Qd3+ Ke8 56. g4 Qxh4 57. Kf4 Qh2+ 58. Qg3 Qc2 59. Qe3 Qh2+ 60. Kg5 Qc2
61. Kh6 Qd1 62. g5 Qf1 63. Qe4 Qf8+ 64. Kh5 Qh8+ 65. Kg4 Qh2 66. g6 Qg1+ 67. Kh5
Qh2+ 68. Kg5 Qh3 69. Qg4 Qe3+ 70. Qf4 Qh3 71. g7 Qg2+ 72. Kh6 Qh1+ 73. Kg6 Qb1+
74. Kh5 Qh1+ 75. Kg5 Qg1+ 76. Qg4 Qxg4+ 77. Kxg4 Kf7 78. Kf4 Kxg7 79. Ke4 Kf7
80. Kd3 Ke8 81. Ke4 Kf7 82. Kf4 Kg6 83. Kg4 Kh6 84. Kh4 Kg6 85. Kg4 1/2-1/2

[Event "Aeroflot Open B 2017"]
[Site "Moscow RUS"]
[Date "2017.02.27"]
[Round "7.52"]
[White "Hakobyan, Hovhannes H."]
[Black "Yandarbiev, Ruslan"]
[Result "1/2-1/2"]
[BlackTitle "IM"]
[WhiteElo "2103"]
[BlackElo "2311"]
[WhiteFideId "13306308"]
[BlackFideId "4115023"]
[EventDate "2017.02.21"]

1. e4 c5 2. Nf3 d6 3. d4 Nf6 4. Nc3 cxd4 5. Qxd4 Bd7 6. Be3 Nc6 7. Qd2 e6 8.
O-O-O a6 9. Bf4 b5 10. a3 Ng4 11. h3 Nge5 12. Nd4 Be7 13. Be3 Na5 14. b3 Rc8 15.
Kb2 O-O 16. f4 Nac6 17. Nxc6 Nxc6 18. g4 Qc7 19. g5 Rfd8 20. h4 d5 21. exd5 b4
22. Nb1 exd5 23. a4 d4 24. Bf2 Bd6 25. Bg3 a5 26. Ba6 Ra8 27. Bd3 Ne7 28. g6
Nxg6 29. f5 Ne5 30. Bxe5 Bxe5 31. Rhg1 Kh8 32. Rdf1 Bf6 33. Qf4 Qxf4 34. Rxf4
Bc6 35. Nd2 Re8 36. Nc4 Ra7 37. Kc1 Bd5 38. Nb6 Bc6 39. Nc4 Kg8 40. Kd1 Kf8 41.
Re1 Rxe1+ 42. Kxe1 Ra8 43. Kf2 Bd5 44. Nb6 Rd8 45. h5 Be5 46. Nxd5 Rxd5 47. Re4
Ke7 48. Kf3 Kf6 49. Kg4 Rc5 50. Re1 1/2-1/2

[Event "Aeroflot Open B 2017"]
[Site "Moscow RUS"]
[Date "2017.02.27"]
[Round "7.53"]
[White "Gevorgyan, David Sh."]
[Black "Basencyan, Mark"]
[Result "1-0"]
[WhiteTitle "IM"]
[WhiteElo "2324"]
[BlackElo "2191"]
[WhiteFideId "13303244"]
[BlackFideId "13300725"]
[EventDate "2017.02.21"]

1. d4 Nf6 2. c4 g6 3. Nc3 Bg7 4. e4 d6 5. Be2 O-O 6. Be3 Na6 7. Nf3 c5 8. d5 e6
9. O-O exd5 10. cxd5 Re8 11. Nd2 Nc7 12. h3 b5 13. Bd3 a6 14. Bg5 Qe7 15. a3 h6
16. Bh4 g5 17. Bg3 Nd7 18. Nf3 Rb8 19. Re1 Ne5 20. Nxe5 Bxe5 21. Qd2 Bxg3 22.
fxg3 Qe5 23. Ne2 Re7 24. Rad1 Na8 25. Kh2 Nb6 26. Ng1 Nc4 27. Bxc4 bxc4 28. Re2
Reb7 29. Nf3 Qxb2 30. Qe1 Qxa3 31. e5 Bf5 32. exd6 c3 33. Re8+ Rxe8 34. Qxe8+
Kg7 35. Ne5 c2 36. Rf1 c1=Q 1-0

[Event "Aeroflot Open B 2017"]
[Site "Moscow RUS"]
[Date "2017.02.27"]
[Round "7.54"]
[White "Kathmale, Sameer"]
[Black "Paramzina, Anastasya"]
[Result "1-0"]
[WhiteTitle "IM"]
[BlackTitle "WFM"]
[WhiteElo "2323"]
[BlackElo "2220"]
[WhiteFideId "5024498"]
[BlackFideId "4165012"]
[EventDate "2017.02.21"]

1. e4 c5 2. Nf3 d6 3. d4 cxd4 4. Nxd4 Nf6 5. Nc3 a6 6. h3 e5 7. Nb3 Be6 8. f4
exf4 9. Bxf4 Nc6 10. Qe2 Be7 11. O-O-O Qc7 12. g4 O-O 13. g5 Nd7 14. Qh2 Nde5
15. Qg3 Rac8 16. Rh2 b5 17. Kb1 Rfe8 18. h4 Bf8 19. h5 g6 20. Bh3 Bg7 21. Nd5
Qd8 22. hxg6 hxg6 23. Rdh1 Nc4 24. Nf6+ Bxf6 25. gxf6 Qxf6 26. e5 N6xe5 27. Bg5
Qg7 28. Bxe6 fxe6 29. Qh4 Nf7 30. Bf6 g5 31. Bxg7 gxh4 32. Rg1 e5 33. Bh6+ Kh7
34. Bc1 Re6 35. Rxh4+ Nh6 36. Rgh1 1-0